International Monetary Fund Annual Report 2014 : From stabilization to sustainable growth.

Seven years after the onset of the global financial crisis, the world still has a way to go to secure a sustainable recovery marked by strong growth that supports rapid job creation and benefits all, International Monetary Fund (IMF) Managing Director Christine Lagarde says in her foreword to the in...

תיאור מלא

מידע ביבליוגרפי
מחבר תאגידי: International Monetary Fund. Secretary's Department
פורמט: כתב-עת
שפה:English
יצא לאור: Washington, D.C. : International Monetary Fund, 2014.
סדרה:Annual Report of the Executive Board; Annual Report of the Executive Board ; No. 2014/001
גישה מקוונת:Full text available on IMF
LEADER 02461cas a2200241 a 4500
001 AALejournalIMF014628
008 230101c9999 xx r poo 0 0eng d
020 |z 9781498319676 
022 |a 2304-0858 
040 |a BD-DhAAL  |c BD-DhAAL 
110 2 |a International Monetary Fund.  |b Secretary's Department. 
240 1 0 |a International Monetary Fund Annual Report 2014: From stabilization to sustainable growth.  |l Japanese 
245 1 0 |a International Monetary Fund Annual Report 2014 :   |b From stabilization to sustainable growth. 
264 1 |a Washington, D.C. :  |b International Monetary Fund,  |c 2014. 
300 |a 1 online resource (80 pages) 
490 1 |a Annual Report of the Executive Board 
500 |a <strong>Off-Campus Access:</strong> No User ID or Password Required 
500 |a <strong>On-Campus Access:</strong> No User ID or Password Required 
506 |a Electronic access restricted to authorized BRAC University faculty, staff and students 
520 3 |a Seven years after the onset of the global financial crisis, the world still has a way to go to secure a sustainable recovery marked by strong growth that supports rapid job creation and benefits all, International Monetary Fund (IMF) Managing Director Christine Lagarde says in her foreword to the institution's Annual Report 2014-From Stabilization to Sustainable Growth, published today. The recovery is ongoing, but it is still too slow and fragile, subject to the vagaries of financial sentiment. Millions of people are still looking for work. The level of uncertainty might be diminishing, but it is certainly not disappearing.' Ms. Lagarde said that 'throughout the crisis and in the recovery period, the IMF has been, and continues to be, an indispensible agent of economic cooperation' for its membership. The report covers the work of the IMF's Executive Board and contains financial statements for the year May 1, 2013, to April 30, 2014. It describes the IMF's support for its 188 member countries, with an emphasis on the core areas of IMF responsibility: assessing their economic and financial policies, providing financing where needed, and building capacity in key areas of economic policy. 
538 |a Mode of access: Internet 
830 0 |a Annual Report of the Executive Board; Annual Report of the Executive Board ;  |v No. 2014/001 
856 4 0 |z Full text available on IMF  |u http://elibrary.imf.org/view/books/011/21553-9781498319676-ja/21553-9781498319676-ja-book.xml  |z IMF e-Library